LEADER 02343nam a22004457a 4500
001 35567
003 BD-DhAAL
005 20250820101304.0
008 191218t1977 waua|||| b||| 001 0 eng d
020 |a 087581218-X 
040 |a BD-DhAAL  |d BD-DhAAL 
082 |a 370.78073 
245 |a Review of research in education.  |n Volume 05, 1977 /  |c edited by Lee S. Shulman; assistant editor, Susan Mowry, contributors; George W. McConkie ...[et..al]. 
246 |a Review of research in education 
260 |a Washington, D.C. :  |b American Educational Research Association,  |c C1978. 
300 |a viii, 399 pages :  |c illustrations ;  |b 24 cm. 
362 |a Vol. 05 
505 |a Learning from text / George W. McConkie -- Graphics in texts / Michael Macdonald-Ross -- Instruction in classrooms / Rebecca Barr and Robert Dreeben -- Paradigms for research on teacher effectiveness / Walter Doyle -- Does schooling matter? A retrospective assessment / Vincent Tinto -- Impact of policy decisions on schools / Martin Burlingame -- Test theory / Michael J. Subkoviak and Frank B. Baker -- Making sense of curriculum evaluation : continuities and discontinuities in an educational idea / David Hamilton -- Integrating findings : the meta-analysis of research / Gene V. Glass 
526 |a BIED 
541 |a Complimentary copy from BIED  |e 35567 
650 |a Education  |x Research  |z United States  |v Periodicals.  |9 35427 
650 |a Education  |x Research.  |9 35428 
650 |a Social science.  |9 35558 
700 |a Shulman, Lee S.  |9 35429 
700 |a Mowry, Susan.  |9 35578 
700 |a McCONKIE, Georgr W.  |9 35430 
700 |a MacDONALD-ROSS, Michael.  |9 35431 
700 |a Barr, Rebecca.  |9 38407 
700 |a Dreeben, Robert.  |9 38408 
700 |a Doyle, Walter.  |9 38409 
700 |a Tinto, Vincent.  |9 38410 
700 |a Burlingame, Martin.  |9 38411 
700 |a Baker, Frank B.  |9 38412 
700 |a Hamilton, Davis.  |9 38413 
700 |a Glass, Gene V.  |9 38421 
710 |a American Educational Research Association,  |e issuing body.  |9 35441 
852 |a Ayesha Abed Library  
942 |2 ddc  |c BK 
999 |c 42065  |d 42065 
952 |0 0  |1 0  |2 ddc  |4 0  |6 370_780730000000000_REV  |7 0  |9 67500  |a BRACUL  |b BRACUL  |c GEN  |d 2019-12-18  |e Complimentary copy from BIED  |l 0  |o 370.78073 REV  |p 3010035567  |r 2019-12-18  |t 1  |w 2019-12-18  |y BK  |x Transferred from BIED to General Stacks